Normal view
MARC view
Entry Personal Name
001 - CONTROL NUMBER
- control field: 47167
003 - CONTROL NUMBER IDENTIFIER
- control field: dpl
005 - DATE AND TIME OF LATEST TRANSACTION
- control field: 20120516123018.0
008 - FIXED-LENGTH DATA ELEMENTS
- fixed length control field: 120516|||a|||||| | ||| d
040 ## - CATALOGING SOURCE
- Original cataloging agency: dpl
- Transcribing agency: dpl
100 ## - HEADING--PERSONAL NAME
- Personal name: Ahuja, Girish
670 ## - SOURCE DATA FOUND
- Source citation: Work cat.: (dpl): Ahuja, Girish, Bharat's systematic approach to income tax and central sales tax /, 2004
670 ## - SOURCE DATA FOUND
- Source citation: Work cat.: (dpl): Ahuja, Girish, Bharat's systematic approach to income tax and central sales tax /, 2004
